[Event "NWFD Ch 2019 Men"]
[Site "St. Petersburg"]
[Date "2019.03.07"]
[Round "1.1"]
[White "Rozum, Ivan"]
[Black "Balakin, Vadim"]
[Result "1-0"]
[WhiteElo "2573"]
[BlackElo "2072"]
[PlyCount "83"]
[EventDate "2019.03.07"]

1. c4 e5 2. Nc3 Nc6 3. Nf3 Nf6 4. e3 d6 5. d4 Be7 6. Be2 O-O 7. O-O Bf5 8. a3
a5 9. d5 Nb8 10. Nd2 Na6 11. e4 Bg6 12. b3 Nc5 13. f3 Nh5 14. g3 Bg5 15. f4
Nxf4 16. gxf4 Bxf4 17. Bf3 Nd3 18. Kh1 Qh4 19. Qe2 Bg3 20. Qg2 Nf2+ 21. Rxf2
Bxf2 22. Nf1 Bd4 23. Bg5 Qf2 24. Qxf2 Bxf2 25. Nb5 Bb6 26. Be3 Ra6 27. Bxb6
Rxb6 28. Nd2 f5 29. exf5 Bxf5 30. Nxc7 e4 31. Bxe4 Bxe4+ 32. Nxe4 Rxb3 33. Ne6
Rff3 34. Rg1 Rb2 35. c5 dxc5 36. d6 Rd3 37. Rxg7+ Kh8 38. d7 Rb1+ 39. Kg2 Rb2+
40. Nf2 Re2 41. Rf7 Rxe6 42. Nxd3 1-0

[Event "NWFD Ch 2019 Men"]
[Site "St. Petersburg"]
[Date "2019.03.07"]
[Round "1.2"]
[White "Starkov, Valery"]
[Black "Solozhenkin, Evgeniy"]
[Result "0-1"]
[WhiteElo "2048"]
[BlackElo "2460"]
[PlyCount "96"]
[EventDate "2019.03.07"]

1. d4 Nf6 2. c4 e6 3. Nc3 Bb4 4. Qc2 b6 5. a3 Bxc3+ 6. Qxc3 Bb7 7. Nf3 d6 8. b4
a5 9. b5 Nbd7 10. e3 Ne4 11. Qc2 O-O 12. Be2 f5 13. O-O Qe7 14. Ne1 Ng5 15. f3
e5 16. a4 Ne6 17. c5 bxc5 18. dxc5 Nexc5 19. Nd3 e4 20. Nxc5 Nxc5 21. f4 Rf6
22. Rd1 Rh6 23. Bc4+ Kh8 24. Qe2 Qh4 25. g3 Qe7 26. Bb2 Rg6 27. Bc3 Nd3 28.
Rdb1 Rg4 29. Bxd3 exd3 30. Qxd3 Be4 31. Qd4 Bxb1 32. Rxb1 Rg6 33. Kf2 Qf7 34.
Rb2 h6 35. Rc2 Kh7 36. Bd2 Rf6 37. Rc6 Re8 38. Qc4 Qh5 39. h4 Re4 40. Qe2 Qf7
41. Bxa5 Rxa4 42. Bxc7 Qd5 43. Rc2 Ra1 44. e4 Qd4+ 45. Kg2 Qg1+ 46. Kh3 Qh1+
47. Qh2 Qxe4 48. Rg2 Qf3 0-1

[Event "NWFD Ch 2019 Men"]
[Site "St. Petersburg"]
[Date "2019.03.07"]
[Round "1.3"]
[White "Nesterov, Arseniy"]
[Black "Napalkov, Vladimir"]
[Result "1-0"]
[WhiteElo "2412"]
[BlackElo "2034"]
[PlyCount "61"]
[EventDate "2019.03.07"]

1. d4 d5 2. c4 c6 3. cxd5 cxd5 4. Bg5 h6 5. Bh4 Qb6 6. Nc3 Qxb2 7. Nxd5 e6 8.
Qc1 Qxc1+ 9. Rxc1 Na6 10. e4 g5 11. Bxa6 exd5 12. Bb5+ Bd7 13. Bxd7+ Kxd7 14.
Bg3 Bb4+ 15. Ke2 dxe4 16. Rc7+ Ke6 17. Rxb7 a5 18. f3 Rd8 19. fxe4 Rxd4 20. Nf3
Rd8 21. Rc1 Ne7 22. Rb6+ Kd7 23. Be5 Rh7 24. Rc7+ Ke8 25. Bf6 Rc8 26. Rxc8+
Nxc8 27. Rb7 Be7 28. e5 Bxf6 29. exf6 Rh8 30. Ne5 Rf8 31. g4 1-0

[Event "NWFD Ch 2019 Men"]
[Site "St. Petersburg"]
[Date "2019.03.07"]
[Round "1.4"]
[White "Zhuravlev, Aleksandr"]
[Black "Cherniaev, Alexander"]
[Result "1/2-1/2"]
[WhiteElo "2021"]
[BlackElo "2405"]
[PlyCount "44"]
[EventDate "2019.03.07"]

1. d4 Nf6 2. c4 c5 3. Nf3 cxd4 4. Nxd4 e5 5. Nb5 d5 6. cxd5 a6 7. N5c3 Bc5 8.
e3 O-O 9. Be2 e4 10. Nd2 Qe7 11. a3 Rd8 12. b4 Ba7 13. Bb2 Nxd5 14. Nxd5 Rxd5
15. Qb3 Rg5 16. Qc4 Nc6 17. Qxe4 Be6 18. h4 f5 19. Qxe6+ Qxe6 20. Bc4 Qxc4 21.
Nxc4 Rxg2 22. Ke2 Rd8 1/2-1/2

[Event "NWFD Ch 2019 Men"]
[Site "St. Petersburg"]
[Date "2019.03.07"]
[Round "1.5"]
[White "Gogolev, Artem"]
[Black "Arkhipov, Vladislav"]
[Result "1-0"]
[WhiteElo "2388"]
[BlackElo "2019"]
[PlyCount "119"]
[EventDate "2019.03.07"]

1. c4 e5 2. Nf3 Nc6 3. d4 exd4 4. Nxd4 Bc5 5. Nxc6 Qf6 6. e3 dxc6 7. Be2 Bf5 8.
Nc3 Qg6 9. O-O Bc2 10. Qe1 Nf6 11. b3 O-O 12. Bb2 Rfe8 13. Rc1 Rad8 14. Na4 Be4
15. g3 Bd6 16. f3 Bf5 17. c5 Be5 18. Bxe5 Rxe5 19. Qc3 Rde8 20. e4 Bh3 21. Rf2
Nh5 22. Kh1 Nxg3+ 23. hxg3 Qxg3 24. Rh2 Rg5 25. Qe1 Bg2+ 26. Kg1 Qxe1+ 27. Rxe1
Bxf3+ 28. Kf2 Bxe4 29. Bd1 Rf5+ 30. Kg3 h6 31. Nc3 Rg5+ 32. Kf2 Rf5+ 33. Kg3
Rg5+ 34. Kh4 Rge5 35. Rhe2 g5+ 36. Kg3 f5 37. b4 Kg7 38. Bc2 h5 39. Nxe4 fxe4
40. Rxe4 Rxe4 41. Bxe4 Rd8 42. Bc2 Rd2 43. Bb3 Rd4 44. b5 h4+ 45. Kh3 Rd3+ 46.
Kg4 Rg3+ 47. Kh5 h3 48. bxc6 bxc6 49. Rh1 Kf6 50. Ba4 Ke5 51. Bxc6 Kf4 52. Bd7
g4 53. Bxg4 h2 54. Rxh2 Rxg4 55. Rf2+ Kg3 56. Rg2+ Kxg2 57. Kxg4 Kf2 58. Kf4
Ke2 59. Ke4 c6 60. Ke5 1-0

[Event "NWFD Ch 2019 Men"]
[Site "St. Petersburg"]
[Date "2019.03.07"]
[Round "1.6"]
[White "Ponikarovsky, Alexey"]
[Black "Samojlov, Anton"]
[Result "0-1"]
[WhiteElo "1991"]
[BlackElo "2332"]
[PlyCount "110"]
[EventDate "2019.03.07"]

1. e4 c6 2. d4 d5 3. Nc3 dxe4 4. Nxe4 Nf6 5. Nxf6+ exf6 6. c3 Bd6 7. Bd3 O-O 8.
Ne2 Re8 9. O-O Nd7 10. Bf4 Nf8 11. Bxd6 Qxd6 12. Ng3 Ng6 13. Qc2 Be6 14. Rfe1
Bd5 15. Nf5 Qf4 16. Ne3 Be6 17. g3 Qg5 18. Ng2 Bd5 19. Be4 Bxe4 20. Rxe4 Qd5
21. Rxe8+ Rxe8 22. Ne3 Qf3 23. Qd1 Qe4 24. Qb1 Qe6 25. Qf5 Ne7 26. Qxe6 fxe6
27. Nc4 Rd8 28. Re1 Kf7 29. f4 h6 30. h4 h5 31. Kf2 b6 32. Re2 Nf5 33. Ne3 Nd6
34. Nc2 c5 35. Kf3 Nf5 36. dxc5 bxc5 37. Ne3 Nd6 38. Rd2 Ke7 39. b4 Rc8 40. a4
cxb4 41. cxb4 Rc3 42. Rc2 Rb3 43. Ke2 Kd7 44. Rc5 g6 45. g4 f5 46. gxh5 gxh5
47. Ra5 Rxe3+ 48. Kxe3 Nc4+ 49. Kd4 Nxa5 50. bxa5 a6 51. Kc4 Kc6 52. Kd4 Kd6
53. Kc4 e5 54. fxe5+ Kxe5 55. Kd3 Kf4 0-1

[Event "NWFD Ch 2019 Men"]
[Site "St. Petersburg"]
[Date "2019.03.07"]
[Round "1.7"]
[White "Toivonen, Alexander V"]
[Black "Rumiantsev, Rafail"]
[Result "1-0"]
[WhiteElo "2304"]
[BlackElo "1982"]
[PlyCount "39"]
[EventDate "2019.03.07"]

1. d4 c5 2. d5 e5 3. e4 Nf6 4. Nc3 d6 5. Be2 Be7 6. Nf3 O-O 7. Nd2 Na6 8. O-O
Nc7 9. a4 b6 10. Nc4 Nce8 11. f4 exf4 12. Bxf4 Nd7 13. Nb5 Ndf6 14. e5 dxe5 15.
Nxe5 Qxd5 16. Bf3 Qxd1 17. Rfxd1 Rb8 18. Nc6 Rb7 19. Ncxa7 Rd7 20. Nxc8 1-0

[Event "NWFD Ch 2019 Men"]
[Site "St. Petersburg"]
[Date "2019.03.07"]
[Round "1.8"]
[White "Yarosh, Ruslan"]
[Black "Cherepanov, Vladislav"]
[Result "0-1"]
[WhiteElo "1977"]
[BlackElo "2302"]
[PlyCount "36"]
[EventDate "2019.03.07"]

1. d4 d5 2. Nf3 e6 3. c3 c5 4. Bf4 Nc6 5. e3 Nf6 6. Nbd2 Bd6 7. Ne5 Qc7 8. Bb5
O-O 9. Bxc6 bxc6 10. Qa4 Nh5 11. g3 Rb8 12. Rb1 cxd4 13. cxd4 c5 14. Nd3 Nxf4
15. gxf4 Bd7 16. Qd1 cxd4 17. exd4 Bb5 18. Rc1 Qe7 0-1

[Event "NWFD Ch 2019 Men"]
[Site "St. Petersburg"]
[Date "2019.03.07"]
[Round "1.9"]
[White "Suleymanyants, Odisey"]
[Black "Mikhailov, Stepan"]
[Result "1-0"]
[WhiteElo "2259"]
[BlackElo "1958"]
[PlyCount "83"]
[EventDate "2019.03.07"]

1. e4 c5 2. Nf3 Nc6 3. g3 d6 4. Bg2 Nf6 5. d3 e5 6. O-O Be7 7. Nc3 Be6 8. Nd2
Qd7 9. Nd5 Bxd5 10. exd5 Nb4 11. c3 Nxd3 12. Nc4 Nxc1 13. Rxc1 O-O 14. a4 Qg4
15. Qb3 b6 16. a5 Rab8 17. axb6 axb6 18. Ra1 b5 19. Na5 b4 20. Nc6 Rb7 21. cxb4
cxb4 22. Ra4 Re8 23. Rxb4 Rxb4 24. Qxb4 Qxb4 25. Nxb4 Bd8 26. Ra1 Bb6 27. h3
Bd4 28. Ra2 h6 29. Nc6 Bb6 30. Ra6 Bc7 31. Ra7 Bb6 32. Rb7 Bd4 33. Kf1 Kf8 34.
Ke2 Ra8 35. f4 Bc5 36. fxe5 dxe5 37. Kd3 Bd6 38. Na7 Nh5 39. Nb5 Bc5 40. Rc7
Bb6 41. d6 Bxc7 42. dxc7 1-0

[Event "NWFD Ch 2019 Men"]
[Site "St. Petersburg"]
[Date "2019.03.07"]
[Round "1.10"]
[White "Ivanov, Rodion"]
[Black "Petrushev, Nikita"]
[Result "1-0"]
[WhiteElo "1941"]
[BlackElo "2238"]
[PlyCount "45"]
[EventDate "2019.03.07"]

1. e4 c5 2. c3 d5 3. exd5 Qxd5 4. d4 Nc6 5. Nf3 Bf5 6. Na3 cxd4 7. cxd4 O-O-O
8. Bc4 Qe4+ 9. Be3 e5 10. O-O exd4 11. Bg5 f6 12. Re1 Qg4 13. h3 Qh5 14. Bf4
Bxa3 15. bxa3 g5 16. Bg3 g4 17. hxg4 Qxg4 18. Qb3 Qg7 19. Rac1 Nge7 20. Ba6 Rd7
21. Nxd4 Rxd4 22. Qxb7+ Kd8 23. Rxc6 1-0

[Event "NWFD Ch 2019 Men"]
[Site "St. Petersburg"]
[Date "2019.03.07"]
[Round "1.11"]
[White "Rudenko, Naum"]
[Black "Lvov, Nikita"]
[Result "1-0"]
[WhiteElo "2231"]
[BlackElo "1936"]
[PlyCount "45"]
[EventDate "2019.03.07"]

1. e4 c5 2. Nf3 d6 3. d4 cxd4 4. Qxd4 Nf6 5. Nc3 Nc6 6. Bb5 Bd7 7. Bxc6 Bxc6 8.
Bg5 e6 9. O-O-O Be7 10. Rhe1 Qc7 11. Qd2 h6 12. Bh4 Nh5 13. Bxe7 Kxe7 14. Nd4
a6 15. Nd5+ exd5 16. exd5+ Kf8 17. dxc6 bxc6 18. Qc3 c5 19. Qf3 Qc8 20. Nf5 Nf6
21. Rxd6 Ne8 22. Qd5 g6 23. Rd7 1-0

[Event "NWFD Ch 2019 Men"]
[Site "St. Petersburg"]
[Date "2019.03.07"]
[Round "1.12"]
[White "Zasypkin, Alexey"]
[Black "Osoblivi, Grigory"]
[Result "0-1"]
[WhiteElo "2184"]
[BlackElo "2222"]
[PlyCount "80"]
[EventDate "2019.03.07"]

1. d4 d6 2. Nf3 Bg4 3. Nbd2 Nf6 4. g3 Nc6 5. c4 e5 6. d5 Ne7 7. e4 h6 8. h3 Bd7
9. Bg2 Ng6 10. Qc2 Be7 11. Nf1 c6 12. Ne3 cxd5 13. cxd5 Rc8 14. Qd3 Qa5+ 15.
Bd2 Qa4 16. Ng1 Bb5 17. Qb3 Qa6 18. Bb4 O-O 19. a4 Bd3 20. Kd2 Nxe4+ 21. Bxe4
Bxe4 22. f3 Bg5 23. fxe4 Qb6 24. a5 Bxe3+ 25. Ke2 Qd4 26. Qd3 Bxg1 27. Qxd4
Bxd4 28. Bxd6 Rfd8 29. Ba3 Rc2+ 30. Kd3 Rg2 31. Rac1 Rxg3+ 32. Kc4 Nf4 33. Be7
Rd7 34. d6 Ng6 35. b4 Nxe7 36. dxe7 Rxe7 37. Kb5 a6+ 38. Ka4 Re3 39. Rce1 Rxe1
40. Rxe1 Rc7 0-1

[Event "NWFD Ch 2019 Men"]
[Site "St. Petersburg"]
[Date "2019.03.07"]
[Round "1.13"]
[White "Nekipelov, Dimitry"]
[Black "Chuklin, Alexey"]
[Result "1-0"]
[WhiteElo "2197"]
[BlackElo "1875"]
[PlyCount "37"]
[EventDate "2019.03.07"]

1. Nf3 d5 2. c4 dxc4 3. Na3 Bf5 4. Nxc4 Nf6 5. d3 e6 6. Qb3 b6 7. g3 Nbd7 8.
Bg2 c6 9. Nd4 Nc5 10. Bxc6+ Nfd7 11. Qc2 Rc8 12. b4 Na6 13. a3 Nab8 14. Bb7 Rc7
15. Bg2 a6 16. Nxf5 exf5 17. Bf4 Ra7 18. O-O Nf6 19. Nxb6 1-0

[Event "NWFD Ch 2019 Men"]
[Site "St. Petersburg"]
[Date "2019.03.07"]
[Round "1.14"]
[White "Iurtsius, Sergei"]
[Black "Andronov, Mikhail G"]
[Result "1/2-1/2"]
[WhiteElo "1841"]
[BlackElo "2187"]
[PlyCount "29"]
[EventDate "2019.03.07"]

1. e4 c5 2. Nf3 Nc6 3. Bb5 g6 4. O-O Bg7 5. Re1 Nf6 6. c3 O-O 7. d4 cxd4 8.
cxd4 d5 9. e5 Ne4 10. Nc3 Nxc3 11. bxc3 Bg4 12. h3 Bxf3 13. Qxf3 e6 14. Ba3 Re8
15. Bd6 1/2-1/2

[Event "NWFD Ch 2019 Men"]
[Site "St. Petersburg"]
[Date "2019.03.07"]
[Round "1.15"]
[White "Mironov, Vadim"]
[Black "Nikitin, Vladimir"]
[Result "1-0"]
[WhiteElo "2181"]
[BlackElo "1817"]
[PlyCount "65"]
[EventDate "2019.03.07"]

1. e4 g6 2. d4 Bg7 3. Nc3 d6 4. Be2 c6 5. Be3 Na6 6. Qd2 Nf6 7. O-O-O Ng4 8.
Bxg4 Bxg4 9. f3 Bd7 10. Bh6 O-O 11. h4 c5 12. dxc5 Nxc5 13. h5 Ne6 14. hxg6
fxg6 15. Bxg7 Nxg7 16. Qh6 Nh5 17. g4 Nf6 18. g5 Nh5 19. Rxh5 gxh5 20. g6 hxg6
21. Qxg6+ Kh8 22. Nge2 Qe8 23. Qh6+ Kg8 24. Rg1+ Bg4 25. fxg4 h4 26. Qg5+ Kh7
27. Nf4 Rf6 28. Ncd5 Rh6 29. Qf5+ Kh8 30. g5 e6 31. gxh6 exf5 32. Rg7 h3 33.
Nf6 1-0

[Event "NWFD Ch 2019 Men"]
[Site "St. Petersburg"]
[Date "2019.03.07"]
[Round "1.16"]
[White "Schetchikov, Vladimir"]
[Black "Karalkin, Maksim"]
[Result "0-1"]
[WhiteElo "1814"]
[BlackElo "2174"]
[PlyCount "94"]
[EventDate "2019.03.07"]

1. c4 e6 2. Nf3 d5 3. d4 Nf6 4. Bg5 Be7 5. e3 Nbd7 6. Nc3 h6 7. Bf4 O-O 8. Qc2
c6 9. h3 dxc4 10. Bxc4 b5 11. Bd3 Bb7 12. O-O a6 13. Ne4 Nxe4 14. Bxe4 Nf6 15.
Nd2 Rc8 16. Bf3 Nd5 17. Bxd5 Qxd5 18. Qb3 c5 19. Qxd5 Bxd5 20. dxc5 Rxc5 21. e4
Bb7 22. f3 Rc2 23. Rac1 Rfc8 24. Nb3 f5 25. Rxc2 Rxc2 26. Rd1 Bf6 27. e5 Bh4
28. Rd2 Rc7 29. g3 Be7 30. Kf2 Bd5 31. Be3 Kf7 32. Bb6 Rc6 33. Bd4 g5 34. Bc3
Rc8 35. Ke3 f4+ 36. gxf4 gxf4+ 37. Kf2 Bh4+ 38. Ke2 Rg8 39. Rxd5 exd5 40. Nd4
Rg2+ 41. Kd3 Rg3 42. a4 bxa4 43. e6+ Ke8 44. Nf5 Rxf3+ 45. Kd4 Bf6+ 46. Kxd5
Bxc3 47. bxc3 Re3 0-1

[Event "NWFD Ch 2019 Men"]
[Site "St. Petersburg"]
[Date "2019.03.07"]
[Round "1.17"]
[White "Radkov, Bazhen D"]
[Black "Shoshin, Kirill"]
[Result "1/2-1/2"]
[WhiteElo "2150"]
[BlackElo "1811"]
[PlyCount "98"]
[EventDate "2019.03.07"]

1. d4 Nf6 2. Nf3 d5 3. c4 e6 4. g3 c5 5. cxd5 exd5 6. Bg2 Nc6 7. O-O Bg4 8. Ne5
Be6 9. Nxc6 bxc6 10. dxc5 Bxc5 11. Qc2 Qb6 12. Nc3 Ng4 13. e4 Qb7 14. exd5 cxd5
15. Nxd5 Bxd5 16. Qxc5 Bxg2 17. Re1+ Be4 18. f3 Nf6 19. Bg5 Rc8 20. Qd6 Qb6+
21. Qxb6 axb6 22. fxe4 O-O 23. Rad1 Rc2 24. Rd2 Rfc8 25. e5 h6 26. Be3 Ng4 27.
Rxc2 Rxc2 28. Bd4 Nxh2 29. Re3 b5 30. Rb3 b4 31. a3 bxa3 32. bxa3 Rc4 33. Bb2
Ng4 34. Rb4 Rxb4 35. axb4 Kf8 36. Kg2 Ne3+ 37. Kf3 Nc4 38. Bd4 Ke7 39. Ke4 Ke6
40. g4 g6 41. b5 h5 42. gxh5 gxh5 43. b6 Na5 44. Kf4 Kd5 45. Bc3 Nb7 46. Bb4
Kc6 47. Kf5 Kxb6 48. Kf6 Nd8 49. Be7 Nc6 1/2-1/2

[Event "NWFD Ch 2019 Men"]
[Site "St. Petersburg"]
[Date "2019.03.07"]
[Round "1.18"]
[White "Gashev, Matvei"]
[Black "Ufimtsev, Egor"]
[Result "0-1"]
[WhiteElo "1806"]
[BlackElo "2148"]
[PlyCount "88"]
[EventDate "2019.03.07"]

1. c4 Nf6 2. g3 c5 3. Nc3 e6 4. Nf3 b6 5. Bg2 Bb7 6. O-O Be7 7. Qc2 O-O 8. e4
d6 9. d4 cxd4 10. Nxd4 Qc8 11. Qe2 Nc6 12. Be3 Nxd4 13. Bxd4 Bc6 14. Rac1 Qb7
15. b4 e5 16. b5 Bd7 17. Be3 Rac8 18. Bg5 Be6 19. Nd1 h6 20. Bxf6 Bxf6 21. Ne3
Rc5 22. Nf5 Qc7 23. Rfd1 Bxc4 24. Qg4 Be6 25. Rxc5 dxc5 26. Nxh6+ Kh7 27. Nf5
g6 28. Qh3+ Kg8 29. Qh6 Rd8 30. Ne3 Rxd1+ 31. Nxd1 Qd8 32. Qc1 Bxa2 33. Nc3 Bc4
34. Bf1 Bg5 35. Qc2 Qd4 36. Ne2 Qd3 37. Qxd3 Bxd3 38. Nc3 Bc2 39. f3 Be3+ 40.
Kg2 Bd4 41. Nd5 Bb3 42. f4 c4 43. Nb4 Bc3 44. Nd5 Bb2 0-1

[Event "NWFD Ch 2019 Men"]
[Site "St. Petersburg"]
[Date "2019.03.07"]
[Round "1.19"]
[White "Krasovskiy, Sviatoslav"]
[Black "Petrov, Alexandr"]
[Result "1-0"]
[WhiteElo "2145"]
[BlackElo "1793"]
[PlyCount "51"]
[EventDate "2019.03.07"]

1. c4 Nf6 2. Nc3 e6 3. Nf3 Bb4 4. Qc2 b6 5. g3 Bb7 6. Bg2 O-O 7. O-O Bxc3 8.
Qxc3 Ne4 9. Qc2 f5 10. b4 Nc6 11. d3 Nf6 12. b5 Ne7 13. a4 c5 14. bxc6 Nxc6 15.
Bd2 Rc8 16. Qb2 d5 17. c5 Nd7 18. cxb6 Qxb6 19. Qa3 Qc5 20. Qa2 Ba6 21. Ng5 Qe7
22. Nxe6 Rfe8 23. Bxd5 Kh8 24. Rfc1 Nb4 25. Bxb4 Qxb4 26. Nc7 1-0

[Event "NWFD Ch 2019 Men"]
[Site "St. Petersburg"]
[Date "2019.03.07"]
[Round "1.20"]
[White "Osetrov, Dmitrij"]
[Black "Semenenko, Sergey"]
[Result "1/2-1/2"]
[WhiteElo "1775"]
[BlackElo "2143"]
[PlyCount "106"]
[EventDate "2019.03.07"]

1. d4 Nf6 2. c4 e6 3. Nf3 b6 4. g3 Bb7 5. Bg2 Bb4+ 6. Bd2 c5 7. Bxb4 cxb4 8.
O-O a5 9. Nbd2 O-O 10. Rc1 d6 11. Re1 Nbd7 12. e3 Qc7 13. Ng5 e5 14. Nge4 Rfe8
15. Nxd6 Qxd6 16. Bxb7 Rab8 17. Ne4 Nxe4 18. Bxe4 Nf6 19. Bg2 Rbd8 20. c5 Qc7
21. cxb6 Qxb6 22. Rc6 Qb5 23. Rc5 Qb6 24. Qa4 exd4 25. Qxa5 Qxa5 26. Rxa5 dxe3
27. Rxe3 Rd1+ 28. Bf1 Rxe3 29. fxe3 h5 30. Rb5 Ng4 31. Rxb4 Nxe3 32. Rf4 Rb1
33. b3 Ra1 34. a4 Rb1 35. Rf3 Nxf1 36. Rxf1 Rxb3 37. Ra1 Rb6 38. a5 Ra6 39. Kf2
Kf8 40. Ke3 Ke7 41. Kd4 Kd6 42. Kc4 Kc6 43. Kb4 Kb7 44. Re1 Rf6 45. Re5 g6 46.
Kb5 Ka7 47. Re7+ Kb8 48. Rd7 Rf5+ 49. Kb6 Rf6+ 50. Kc5 Rf2 51. a6 Rxh2 52. Rb7+
Ka8 53. Rxf7 h4 1/2-1/2

[Event "NWFD Ch 2019 Men"]
[Site "St. Petersburg"]
[Date "2019.03.07"]
[Round "1.21"]
[White "Shpak, Alexandr"]
[Black "Poklonskiy, Nikolay"]
[Result "1-0"]
[WhiteElo "2141"]
[BlackElo "1757"]
[PlyCount "63"]
[EventDate "2019.03.07"]

1. d4 d5 2. c4 c6 3. cxd5 cxd5 4. Bf4 e6 5. Nc3 Bd6 6. Bxd6 Qxd6 7. e3 a6 8. f4
Nf6 9. Bd3 O-O 10. Nf3 Nbd7 11. O-O h6 12. Ne5 Nh7 13. Qc2 f5 14. g4 Nxe5 15.
dxe5 Qb6 16. gxf5 Qxe3+ 17. Kh1 exf5 18. Nxd5 Qh3 19. Ne7+ Kf7 20. Nxf5 Rd8 21.
Qc7+ Bd7 22. e6+ Kg8 23. Ne7+ Kh8 24. Bf5 Bc6+ 25. Nxc6 Qxf5 26. Nxd8 Qd5+ 27.
Kg1 Rxd8 28. Rad1 Qxd1 29. Rxd1 Rxd1+ 30. Kf2 Nf6 31. Qc8+ Ng8 32. e7 1-0

[Event "NWFD Ch 2019 Men"]
[Site "St. Petersburg"]
[Date "2019.03.07"]
[Round "1.22"]
[White "Ananjev, Ilija"]
[Black "Zaykov, Sergey"]
[Result "0-1"]
[WhiteElo "1755"]
[BlackElo "2138"]
[PlyCount "126"]
[EventDate "2019.03.07"]

1. d4 c5 2. c3 cxd4 3. cxd4 d5 4. Nc3 Nf6 5. Nf3 Nc6 6. Bf4 Bf5 7. Qb3 Na5 8.
Qa4+ Bd7 9. Qc2 Rc8 10. e3 e6 11. Bd3 Be7 12. O-O a6 13. Rac1 b5 14. Qb1 O-O
15. Ne5 Nc4 16. Rfd1 b4 17. Ne2 Bb5 18. b3 Na3 19. Qb2 Qb6 20. Bg5 Bxd3 21.
Nxd3 a5 22. Rxc8 Rxc8 23. Rc1 Qd8 24. Bxf6 Bxf6 25. Rxc8 Qxc8 26. Qc1 Qxc1+ 27.
Nexc1 Nb5 28. f4 Nc3 29. Kf2 g5 30. g3 gxf4 31. gxf4 Kg7 32. Kf3 Kg6 33. Ne1
Kf5 34. Ng2 Be7 35. h3 Bd8 36. Ne1 f6 37. Ng2 e5 38. Nh4+ Ke6 39. Ng2 Bb6 40.
fxe5 fxe5 41. dxe5 Kxe5 42. Nd3+ Kd6 43. Nc1 Bd8 44. h4 Ke5 45. h5 Kf5 46. Nf4
Bg5 47. Nfe2 Bf6 48. Ng3+ Kg5 49. e4 dxe4+ 50. Nxe4+ Nxe4 51. Kxe4 Kxh5 52. Kf3
Kg5 53. Nd3 Kf5 54. Nc5 Bd4 55. Nb7 Bb6 56. Nd6+ Ke6 57. Nc4 Bc7 58. a3 a4 59.
axb4 axb3 60. Ke3 h5 61. Kd3 h4 62. Nd2 h3 63. Nf3 Kf5 0-1

[Event "NWFD Ch 2019 Men"]
[Site "St. Petersburg"]
[Date "2019.03.07"]
[Round "1.23"]
[White "Skuratovich, Yakov"]
[Black "Maslyakov, Ivan"]
[Result "1-0"]
[WhiteElo "2101"]
[BlackElo "1741"]
[PlyCount "69"]
[EventDate "2019.03.07"]

1. e4 e6 2. d4 d5 3. exd5 exd5 4. Qf3 h6 5. Bd3 Nf6 6. h3 Bd6 7. Ne2 Be6 8. O-O
O-O 9. Bf4 c6 10. Nd2 Qc7 11. Bxh6 Ng4 12. Bf4 Nf6 13. Rfe1 Nbd7 14. c3 Rfe8
15. Bxd6 Qxd6 16. Nf4 Nf8 17. Nf1 Re7 18. Re3 Rae8 19. Rae1 Bd7 20. Ng3 b6 21.
Ngh5 N8h7 22. Qg3 Nxh5 23. Nxh5 Qxg3 24. Nxg3 Be6 25. f4 g6 26. f5 gxf5 27.
Bxf5 Nf8 28. Nh5 Nd7 29. Bd3 Kf8 30. Kh2 c5 31. Rf1 a5 32. Rg3 a4 33. Bh7 f6
34. Nxf6 Nxf6 35. Rxf6+ 1-0

[Event "NWFD Ch 2019 Men"]
[Site "St. Petersburg"]
[Date "2019.03.07"]
[Round "1.24"]
[White "Trushnikov, Viacheslav"]
[Black "Bratus, Petr P"]
[Result "1/2-1/2"]
[WhiteElo "1734"]
[BlackElo "2097"]
[PlyCount "103"]
[EventDate "2019.03.07"]

1. f4 Nf6 2. Nf3 g6 3. b3 Bg7 4. Bb2 O-O 5. g3 b6 6. Bg2 Bb7 7. O-O c5 8. c4
Nc6 9. Nc3 d5 10. Nxd5 Nxd5 11. Bxg7 Kxg7 12. cxd5 Qxd5 13. Ne5 Qd6 14. Nxc6
Bxc6 15. Bxc6 Qxc6 16. Qc2 Rad8 17. Qc3+ Qf6 18. Qxf6+ Kxf6 19. d3 Rd4 20. Rac1
Rfd8 21. Rc4 R8d7 22. Rfc1 e5 23. fxe5+ Kxe5 24. Kf2 f5 25. Ke3 g5 26. Kf3 h5
27. Ke3 Rh7 28. Rxd4 cxd4+ 29. Kf3 h4 30. Rc8 hxg3 31. Re8+ Kf6 32. Kxg3 Rc7
33. Rf8+ Ke6 34. Re8+ Kf7 35. Ra8 Re7 36. Kf2 Kf6 37. Rd8 Ke5 38. Rh8 g4 39.
Rd8 Rh7 40. Kg2 Rc7 41. Kg3 Rc2 42. Re8+ Kf6 43. a4 Rb2 44. Kf4 Rxb3 45. Rf8+
Kg6 46. Rxf5 Ra3 47. Kxg4 Rxa4 48. h4 Ra2 49. h5+ Kg7 50. Rd5 Rxe2 51. Rd7+ Kf6
52. Rxa7 1/2-1/2

[Event "NWFD Ch 2019 Men"]
[Site "St. Petersburg"]
[Date "2019.03.07"]
[Round "1.25"]
[White "Makarov, Leonid"]
[Black "Pozdeev, Dmitry"]
[Result "1-0"]
[WhiteElo "2097"]
[BlackElo "1370"]
[PlyCount "59"]
[EventDate "2019.03.07"]

1. d4 Nf6 2. Bf4 e6 3. e3 c5 4. c3 Qb6 5. Qc2 Nh5 6. Bg5 h6 7. Bh4 g5 8. Be2
Nf6 9. Bg3 d5 10. Nd2 cxd4 11. exd4 Nc6 12. Ngf3 Nh5 13. b4 Nxg3 14. hxg3 Bg7
15. a4 g4 16. Nh4 Nxb4 17. cxb4 Bxd4 18. O-O Bxa1 19. Rxa1 Bd7 20. Qb2 Rg8 21.
Bd3 Rc8 22. Re1 Kf8 23. a5 Qd6 24. Qd4 Qc7 25. Qf6 Qc3 26. Qxh6+ Ke8 27. Nf5
Qxd3 28. Qf6 Qxf5 29. Qxf5 Rc1 30. Qe5 1-0